Fracture resistance of rubber-modified asphaltic mixtures exposed to high-temperature cyclic aging (Record no. 59568)

MARC details
000 -LEADER
fixed length control field 00587nam a2200181Ia 4500
100 ## - MAIN ENTRY--AUTHOR NAME
Personal name Othman Ayman M
245 #0 - TITLE STATEMENT
Title Fracture resistance of rubber-modified asphaltic mixtures exposed to high-temperature cyclic aging
260 ## - PUBLICATION, DISTRIBUTION, ETC. (IMPRINT)
Name of publisher Journal of Elastomers and Plastics
Year of publication 2006
300 ## - PHYSICAL DESCRIPTION
Number of Pages 19-30
650 ## - SUBJECT ADDED ENTRY--TOPICAL TERM
Topical Term Asphaltic mixtures
650 ## - SUBJECT ADDED ENTRY--TOPICAL TERM
Topical Term Critical energy release rate
650 ## - SUBJECT ADDED ENTRY--TOPICAL TERM
Topical Term Crumb rubber
650 ## - SUBJECT ADDED ENTRY--TOPICAL TERM
Topical Term Indirect tensile strength
650 ## - SUBJECT ADDED ENTRY--TOPICAL TERM
Topical Term Themal cyclic aging
650 ## - SUBJECT ADDED ENTRY--TOPICAL TERM
Topical Term Unconfined compressive strength
942 ## - ADDED ENTRY ELEMENTS (KOHA)
Koha item type Journals
Holdings
Withdrawn status Lost status Damaged status Not for loan Home library Current library Shelving location Date acquired Serial Enumeration / chronology Koha item type
      Journals RRII Library RRII Library Rubber chemistry 17/12/2021 Volume 38, Issue 1 Journals